[Event "18th Oscaro.com Open 2014"]
[Site "Bastia FRA"]
[Date "2014.10.18"]
[Round "4.8"]
[White "Ruck, Robert"]
[Black "Cardi, Jean"]
[Result "1-0"]
[WhiteTitle "GM"]
[WhiteElo "2568"]
[BlackElo "1589"]
[WhiteFideId "705713"]
[BlackFideId "26081059"]
[EventDate "2014.10.18"]

1. Nf3 Nf6 2. c4 g6 3. d4 c5 4. d5 b5 5. cxb5 a6 6. bxa6 Bxa6 7. Nc3 d6 8. e4
Bxf1 9. Kxf1 Bg7 10. g3 O-O 11. Kg2 Nbd7 12. Re1 Ra6 13. Bf4 Ng4 14. Nd2 Nge5
15. Qe2 Qa8 16. Rac1 e6 17. b3 exd5 18. exd5 Nb6 19. Kg1 Re8 20. a4 Ra5 21. Nc4
Nbxc4 22. bxc4 Rb8 23. Bd2 Rb4 24. Ne4 Rb3 25. Bxa5 1-0

[Event "18th Oscaro.com Open 2014"]
[Site "Bastia FRA"]
[Date "2014.10.18"]
[Round "5.1"]
[White "Saric, Ivan"]
[Black "Swiercz, Dariusz"]
[Result "1/2-1/2"]
[WhiteTitle "GM"]
[BlackTitle "GM"]
[WhiteElo "2678"]
[BlackElo "2614"]
[WhiteFideId "14508150"]
[BlackFideId "1126881"]
[EventDate "2014.10.18"]

1. e4 c5 2. Nf3 e6 3. d4 cxd4 4. Nxd4 Nc6 5. Nc3 Qc7 6. Be3 a6 7. Qd2 Nf6 8.
O-O-O Be7 9. f3 b5 10. Kb1 Bb7 11. Bf4 Qb6 12. Nb3 O-O 13. e5 Ne8 14. Ne4 Rd8
15. Nd6 Ba8 16. c4 bxc4 17. Bxc4 Nxd6 18. exd6 Bf6 19. Be3 Qb8 20. Nc5 Ne5 21.
Bb3 Bd5 22. Nxa6 Qc8 23. Nc5 Bxb3 24. axb3 Qb8 25. Rhe1 Rc8 26. f4 Ng4 27. b4
Nxe3 28. Rxe3 Qb5 29. Qe2 Rxc5 30. bxc5 Qxc5 31. g4 Rb8 32. Rd2 h6 33. Red3 Qg1+
34. Qd1 Qb6 35. Qc1 Qb4 36. Rc2 Rb6 37. g5 hxg5 38. fxg5 Be5 39. Rc8+ Kh7 40.
Rh3+ Kg6 41. Qc2+ Kxg5 42. Qg2+ Qg4 43. Qxg4+ Kxg4 44. Rh7 Rxb2+ 45. Kc1 Rxh2
46. Rxh2 Bxh2 47. Rd8 Bxd6 48. Rxd7 Bf4+ 49. Kd1 f5 50. Rxg7+ Bg5 51. Ke2 e5 52.
Rg8 Kf4 53. Re8 e4 54. Re6 Bd8 55. Re8 Bb6 56. Re6 Bd4 57. Rd6 Ke5 58. Rd8 f4
59. Rf8 Bc5 60. Rf7 Bd6 61. Kf2 Ke6 62. Rh7 Be5 63. Ke2 Bd4 64. Rh3 Kf5 65. Ra3
f3+ 66. Rxf3+ exf3+ 67. Kxf3 Ke5 1/2-1/2

[Event "18th Oscaro.com Open 2014"]
[Site "Bastia FRA"]
[Date "2014.10.18"]
[Round "5.2"]
[White "Kravtsiv, Martyn"]
[Black "Fedorchuk, Sergey A."]
[Result "0-1"]
[WhiteTitle "GM"]
[BlackTitle "GM"]
[WhiteElo "2563"]
[BlackElo "2673"]
[WhiteFideId "14113147"]
[BlackFideId "14102536"]
[EventDate "2014.10.18"]

1. e4 c5 2. Nf3 e6 3. d4 cxd4 4. Nxd4 a6 5. Be2 Nf6 6. Nc3 d6 7. O-O Nbd7 8. f4
b5 9. Bf3 Bb7 10. e5 Bxf3 11. Nxf3 Ng4 12. Qe2 Qb6+ 13. Kh1 b4 14. Ne4 d5 15.
Nf2 Nxf2+ 16. Rxf2 Bc5 17. Rf1 O-O 18. Qd3 Qb5 19. Bd2 Rfc8 20. h3 h6 21. Rfc1
Rc7 22. Ne1 Rac8 23. Qxb5 axb5 24. Nd3 Bd4 25. Rab1 Rxc2 26. Nxb4 Rxc1+ 27. Rxc1
Ra8 28. b3 Nc5 29. Be1 Ne4 30. Rc2 g5 31. g3 h5 32. fxg5 Nxg5 33. Nd3 Nxh3 34.
Kg2 Ng5 35. Bd2 Ne4 36. Bb4 Kh7 37. Kf3 Rg8 38. Be1 Ra8 39. Rh2 Kg7 40. Bb4 Ra7
41. a3 Bc3 42. Rxh5 Bxb4 43. axb4 Ra3 44. Ke3 Rxb3 45. Kd4 Rc3 46. Rh1 Rxd3+ 0-1

[Event "18th Oscaro.com Open 2014"]
[Site "Bastia FRA"]
[Date "2014.10.18"]
[Round "5.3"]
[White "Balogh, Csaba"]
[Black "Ruck, Robert"]
[Result "1/2-1/2"]
[WhiteTitle "GM"]
[BlackTitle "GM"]
[WhiteElo "2660"]
[BlackElo "2568"]
[WhiteFideId "718939"]
[BlackFideId "705713"]
[EventDate "2014.10.18"]

1. Nf3 Nf6 2. g3 g6 3. Bg2 Bg7 4. O-O d5 5. d4 O-O 6. Nbd2 c6 7. c3 Bf5 8. Re1
Nbd7 9. Nh4 Be6 10. e4 dxe4 11. Nxe4 Bd5 12. Nxf6+ Bxf6 13. Nf3 Re8 14. Bf4 Bg7
15. Qc2 e6 16. Rad1 Qb6 17. c4 Bxf3 18. Bxf3 e5 19. dxe5 Nxe5 20. Bg2 Qb4 21.
Re4 f5 22. Red4 Re7 23. Bd2 Qb6 24. Bg5 Ree8 25. c5 Qc7 26. h3 h6 27. Bf4 Qf7
28. Rd6 Re7 29. b4 Rae8 30. Qb3 Qxb3 31. axb3 g5 32. Bxe5 Rxe5 33. Rd7 R8e7 34.
b5 Rxd7 35. Rxd7 Rxc5 36. bxc6 bxc6 37. Rxa7 Rc2 38. Ra4 c5 39. Rc4 Rxc4 40.
Bd5+ Kf8 41. bxc4 Ke7 42. Kg2 Bd4 43. f4 gxf4 44. gxf4 Kf6 45. Kf3 Bc3 46. Bc6
Bd4 47. Bd5 Bc3 48. Bc6 Bd4 49. Bd5 1/2-1/2

[Event "18th Oscaro.com Open 2014"]
[Site "Bastia FRA"]
[Date "2014.10.18"]
[Round "5.4"]
[White "Kovalenko, Igor"]
[Black "Dimitrov, Radoslav"]
[Result "0-1"]
[WhiteTitle "GM"]
[BlackTitle "IM"]
[WhiteElo "2650"]
[BlackElo "2445"]
[WhiteFideId "14117908"]
[BlackFideId "2908549"]
[EventDate "2014.10.18"]

1. d4 d5 2. c4 e6 3. Nc3 a6 4. cxd5 exd5 5. Nf3 Be7 6. Bf4 Nf6 7. e3 O-O 8. h3
Be6 9. Bd3 Nbd7 10. O-O Rc8 11. Qb3 b5 12. Rfc1 c5 13. dxc5 d4 14. Qc2 dxc3 15.
b4 Nd5 16. Rab1 Nxf4 17. exf4 h6 18. Qxc3 Qc7 19. Qd2 Rfd8 20. Qe3 Nf6 21. Nd4
Bxa2 22. Ra1 Bc4 23. Bxc4 bxc4 24. Nf5 Bf8 25. Rxa6 Rd3 26. Qe5 Qxe5 27. fxe5
Nd7 0-1

[Event "18th Oscaro.com Open 2014"]
[Site "Bastia FRA"]
[Date "2014.10.18"]
[Round "5.5"]
[White "Tregubov, Pavel V."]
[Black "Dimitrov, Pavel"]
[Result "1-0"]
[WhiteTitle "GM"]
[BlackTitle "IM"]
[WhiteElo "2607"]
[BlackElo "2331"]
[WhiteFideId "4115341"]
[BlackFideId "2907470"]
[EventDate "2014.10.18"]

1. d4 Nf6 2. c4 e6 3. Nf3 Bb4+ 4. Bd2 a5 5. e3 O-O 6. Be2 d6 7. O-O Bxd2 8. Qxd2
Nc6 9. Nc3 e5 10. dxe5 dxe5 11. Qc2 h6 12. Rfd1 Qe7 13. Nd5 Nxd5 14. cxd5 Nb4
15. Qb3 Bf5 16. Rac1 b6 17. a3 Na6 18. Qc3 Bg4 19. Bxa6 Rxa6 20. Qxc7 Qf6 21.
Qc4 Bxf3 22. Qxa6 Qg6 23. Qf1 Bxd1 24. Rxd1 Qc2 25. d6 Rd8 26. Qd3 Qxd3 27. Rxd3
f6 28. f4 Kf7 29. f5 Ke8 30. Kf2 Kd7 31. Kf3 Rc8 32. Rd2 Rc4 33. g3 a4 34. h3 h5
35. Rd5 Rc6 36. Rb5 Rxd6 37. Rb4 Kc6 38. Rxa4 Rd2 39. Rb4 Rh2 40. Rh4 Rxb2 41.
Rxh5 Ra2 42. Rh7 Rxa3 43. Rxg7 b5 44. Rf7 b4 45. Rxf6+ Kc5 46. Rf8 Ra6 47. Rc8+
Kd5 48. Rb8 Kc4 49. g4 b3 50. g5 Ra1 51. g6 Rg1 52. Ke4 Rg3 53. f6 Rxg6 54. f7
Rf6 55. f8=Q Rxf8 56. Rxf8 b2 57. Rc8+ Kb3 58. Rb8+ Kc2 59. Kxe5 b1=Q 60. Rxb1
Kxb1 61. h4 Kc2 62. h5 Kd3 63. h6 Kxe3 64. h7 1-0

[Event "18th Oscaro.com Open 2014"]
[Site "Bastia FRA"]
[Date "2014.10.18"]
[Round "5.6"]
[White "Massoni, Michael"]
[Black "Djuric, Stefan"]
[Result "1/2-1/2"]
[WhiteTitle "IM"]
[BlackTitle "GM"]
[WhiteElo "2338"]
[BlackElo "2397"]
[WhiteFideId "654213"]
[BlackFideId "900133"]
[EventDate "2014.10.18"]

1. e4 e5 2. Nf3 Nc6 3. Bb5 a6 4. Ba4 Nf6 5. d3 b5 6. Bb3 Be7 7. O-O O-O 8. c3 d5
9. exd5 Nxd5 10. Re1 Bf6 11. Nbd2 Nf4 12. Ne4 Ng6 13. Be3 h6 14. a4 Rb8 15. axb5
axb5 16. Qe2 Nf4 17. Qd2 Ne6 18. h3 b4 19. Bc4 Kh7 20. Ng3 bxc3 21. bxc3 Bb7 22.
Nh2 Nf4 23. Ne4 Bg5 24. h4 Bxh4 25. Bxf4 exf4 26. Qxf4 Be7 27. Rad1 f5 28. Nd2
Bd6 29. Qe3 Ne5 30. f4 Ng6 31. g3 Qd7 32. Nhf3 Qc6 33. Qf2 Ba8 34. Re6 Rb2 35.
Qh2 Qb6+ 36. Qf2 Qxf2+ 37. Kxf2 Bxf3 38. Kxf3 Ra8 39. Ke3 Ra3 40. Rc1 Nf8 41.
Re8 Nd7 42. Bg8+ Kg6 43. Nc4 Nf6 44. Rc8 Bc5+ 45. d4 Ng4+ 46. Kd3 Nf2+ 47. Ke3
Ng4+ 48. Kd3 Nf2+ 49. Ke3 Ng4+ 50. Kd3 Nf2+ 51. Ke3 Ng4+ 52. Kd3 Nf2+ 53. Ke3
Ng4+ 54. Kd3 Nf2+ 55. Ke3 Ng4+ 56. Kd3 Nf2+ 57. Ke3 Ng4+ 58. Kd3 Nf2+ 59. Ke3
Ng4+ 60. Kd3 Nf2+ 61. Ke3 Ng4+ 62. Kd3 Nf2+ 63. Ke3 Ng4+ 64. Kd3 Nf2+ 65. Ke3
Ng4+ 66. Kd3 Nf2+ 67. Ke3 1/2-1/2

[Event "18th Oscaro.com Open 2014"]
[Site "Bastia FRA"]
[Date "2014.10.18"]
[Round "5.7"]
[White "Skomorokhina, Tatyana"]
[Black "Edouard, Romain"]
[Result "0-1"]
[WhiteTitle "WFM"]
[BlackTitle "GM"]
[WhiteElo "2131"]
[BlackElo "2659"]
[WhiteFideId "4124766"]
[BlackFideId "633429"]
[EventDate "2014.10.18"]

1. d4 Nf6 2. c4 b6 3. Nf3 Bb7 4. Nc3 g6 5. Bf4 Bg7 6. e3 O-O 7. Be2 d6 8. h3
Nbd7 9. d5 e5 10. Bg5 Qe8 11. Nb5 Qc8 12. O-O Ne4 13. Bh4 a6 14. Bd3 axb5 15.
Bxe4 bxc4 16. a4 Nc5 17. Qc2 f5 18. Ng5 fxe4 19. Nxe4 Bxd5 20. Nxc5 bxc5 0-1

[Event "18th Oscaro.com Open 2014"]
[Site "Bastia FRA"]
[Date "2014.10.18"]
[Round "5.8"]
[White "Luciani, Thibault"]
[Black "Horvath, Adam1"]
[Result "0-1"]
[BlackTitle "GM"]
[WhiteElo "2099"]
[BlackElo "2539"]
[WhiteFideId "657441"]
[BlackFideId "708003"]
[EventDate "2014.10.18"]

1. d4 Nf6 2. c4 e6 3. Nc3 Bb4 4. e3 O-O 5. Bd3 d5 6. Nf3 c5 7. O-O Nc6 8. a3 Ba5
9. cxd5 exd5 10. h3 Qe7 11. dxc5 Bxc3 12. bxc3 Qxc5 13. Qc2 Na5 14. a4 Nc4 15.
Nd2 Re8 16. Nxc4 dxc4 17. Be2 Bf5 18. Qa2 Rac8 19. Rd1 Ne4 20. Bb2 Nxf2 21. Rd4
Nd3 22. Bf3 Rxe3 23. Ba3 Qe5 24. Rxc4 Re8 25. Qd2 h6 26. Rd4 Ne1 27. Bxb7 Nc2
28. Bd6 Qf6 29. Rf1 Nxd4 30. Qxd4 Qg6 31. Kh1 Rd3 0-1

[Event "18th Oscaro.com Open 2014"]
[Site "Bastia FRA"]
[Date "2014.10.18"]
[Round "6.1"]
[White "Dimitrov, Radoslav"]
[Black "Fedorchuk, Sergey A."]
[Result "0-1"]
[WhiteTitle "IM"]
[BlackTitle "GM"]
[WhiteElo "2445"]
[BlackElo "2673"]
[WhiteFideId "2908549"]
[BlackFideId "14102536"]
[EventDate "2014.10.18"]

1. c4 Nf6 2. Nc3 e5 3. Nf3 Nc6 4. d4 exd4 5. Nxd4 Bb4 6. g3 Bxc3+ 7. bxc3 Ne5 8.
Qb3 Qe7 9. Be3 O-O 10. h3 Ne4 11. Bg2 Nc5 12. Nf5 Qe6 13. Qa3 d6 14. Nd4 Qe7 15.
O-O Nxc4 16. Qb4 Nxe3 17. fxe3 Qxe3+ 18. Kh2 c6 19. Rf3 Qe7 20. Raf1 a5 21. Qb1
Be6 22. e4 Rae8 23. Nf5 Bxf5 24. exf5 Qf6 25. Rf4 Re3 26. c4 Rfe8 27. Qd1 Rd3
28. Qg4 h6 29. h4 Ree3 30. Bf3 Nd7 0-1

[Event "18th Oscaro.com Open 2014"]
[Site "Bastia FRA"]
[Date "2014.10.18"]
[Round "6.3"]
[White "Swiercz, Dariusz"]
[Black "Balogh, Csaba"]
[Result "1/2-1/2"]
[WhiteTitle "GM"]
[BlackTitle "GM"]
[WhiteElo "2614"]
[BlackElo "2660"]
[WhiteFideId "1126881"]
[BlackFideId "718939"]
[EventDate "2014.10.18"]

1. d4 d5 2. c4 c6 3. cxd5 cxd5 4. Bf4 Nc6 5. e3 Nf6 6. Nc3 Bf5 7. Qb3 Na5 8.
Qa4+ Bd7 9. Qc2 e6 10. Bd3 Nc6 11. a3 Nh5 12. Bg3 Nxg3 13. hxg3 g6 14. f4 Rc8
15. Nf3 Be7 16. g4 Na5 17. Ne5 Bf6 18. O-O O-O 19. Rae1 Bxe5 20. fxe5 Qh4 21.
Qe2 f6 22. exf6 Rxf6 23. Rxf6 Qxf6 24. Rf1 Qg7 25. Nb1 Rf8 26. Rxf8+ Qxf8 27.
Nd2 a6 28. Nf3 Nc6 29. Qe1 e5 30. Nxe5 Nxe5 31. dxe5 Bxg4 32. Qa5 Be6 33. Qc7
Qf7 34. Qd8+ Kg7 35. Be2 Qf8 36. Qc7+ Qf7 37. Qd8 Qf8 38. Qc7+ Qf7 39. Qd8 Qf8
40. Qc7+ Qf7 41. Qd8 Qf8 1/2-1/2

[Event "18th Oscaro.com Open 2014"]
[Site "Bastia FRA"]
[Date "2014.10.18"]
[Round "6.4"]
[White "Edouard, Romain"]
[Black "Tregubov, Pavel V."]
[Result "0-1"]
[WhiteTitle "GM"]
[BlackTitle "GM"]
[WhiteElo "2659"]
[BlackElo "2607"]
[WhiteFideId "633429"]
[BlackFideId "4115341"]
[EventDate "2014.10.18"]

1. Nf3 d5 2. c4 c6 3. b3 Nf6 4. Bb2 e6 5. g3 a5 6. Nc3 d4 7. Nb1 c5 8. Bg2 Nc6
9. d3 e5 10. O-O Bd6 11. Na3 O-O 12. Nb5 Bb8 13. e3 Re8 14. e4 Na7 15. Nd2 Bd7
16. a4 Qc8 17. Nf3 Nc6 18. Kh1 Nb4 19. Ng1 Ra6 20. h3 Rf8 21. Bc1 Ne8 22. f4 f5
23. fxe5 Bxe5 24. Bf4 Qb8 25. Qd2 Raf6 26. Rae1 Bxf4 27. Rxf4 fxe4 28. Rexe4 Bc6
29. Rxf6 Nxf6 30. Rf4 Re8 31. g4 Bxg2+ 32. Kxg2 Nxd3 33. Rf1 Re3 0-1

[Event "18th Oscaro.com Open 2014"]
[Site "Bastia FRA"]
[Date "2014.10.18"]
[Round "6.5"]
[White "Villegas, Pierre"]
[Black "Kovalenko, Igor"]
[Result "0-1"]
[WhiteTitle "FM"]
[BlackTitle "GM"]
[WhiteElo "2299"]
[BlackElo "2650"]
[WhiteFideId "654183"]
[BlackFideId "14117908"]
[EventDate "2014.10.18"]

1. d4 Nf6 2. c4 e6 3. Nc3 Bb4 4. e3 c5 5. Ne2 d6 6. a3 Ba5 7. dxc5 dxc5 8. Qxd8+
Bxd8 9. Ng3 Nc6 10. Nge4 Nxe4 11. Nxe4 Be7 12. Kd1 Bd7 13. Kc2 f5 14. Nc3 O-O-O
15. b3 Ne5 16. h3 Bc6 17. Bb2 Bf6 18. Rg1 Rhf8 19. Be2 Bh4 20. Nd1 Be4+ 21. Kc1
Bf6 22. Ra2 g5 23. f3 Bc6 24. Nf2 Ng6 25. Bxf6 Rxf6 26. Rd2 Rxd2 27. Kxd2 e5 28.
b4 Nf8 29. Nd3 cxb4 30. axb4 e4 31. Ne5 Kc7 32. Nxc6 Kxc6 33. fxe4 fxe4 34. Kc3
Nd7 35. Rf1 Rxf1 36. Bxf1 b6 37. Kd4 a5 38. bxa5 bxa5 39. Kxe4 Kc5 40. Bd3 a4
41. Bc2 a3 42. Bb3 Kb4 43. Ba2 Kc3 44. c5 Nxc5+ 45. Kd5 Kb2 46. Kd4 0-1

[Event "18th Oscaro.com Open 2014"]
[Site "Bastia FRA"]
[Date "2014.10.18"]
[Round "6.6"]
[White "Bressac, Stephane"]
[Black "Kravtsiv, Martyn"]
[Result "0-1"]
[WhiteTitle "FM"]
[BlackTitle "GM"]
[WhiteElo "2286"]
[BlackElo "2563"]
[WhiteFideId "655945"]
[BlackFideId "14113147"]
[EventDate "2014.10.18"]

1. c4 Nf6 2. g3 e6 3. Bg2 d5 4. Nf3 d4 5. O-O c5 6. d3 Nc6 7. e3 Bd6 8. exd4
cxd4 9. Re1 h6 10. Na3 O-O 11. Nc2 a5 12. Rb1 e5 13. Nh4 Re8 14. h3 Qc7 15. Kh2
Be6 16. b3 Rab8 17. Na3 Na7 18. Qf3 Bb4 19. Re2 Rbd8 20. Qxb7 Qxb7 21. Bxb7 g5
22. Nf3 Bf5 23. Nxe5 Bd6 24. Bd2 Bxe5 25. Bxa5 Rd7 26. Rbe1 Bxg3+ 27. fxg3 Rxe2+
28. Rxe2 Rxb7 29. Rf2 Bxd3 30. Rxf6 Re7 31. Rf2 Nc6 32. Bd2 Be4 33. Nb5 Rd7 34.
a4 f5 35. h4 Ne5 36. Kg1 Nf3+ 37. Kf1 g4 38. Ke2 Bc2 39. Kf1 Bxb3 40. a5 Bxc4+ 0-1

[Event "18th Oscaro.com Open 2014"]
[Site "Bastia FRA"]
[Date "2014.10.18"]
[Round "6.7"]
[White "Horvath, Adam1"]
[Black "Massoni, Michael"]
[Result "1-0"]
[WhiteTitle "GM"]
[BlackTitle "IM"]
[WhiteElo "2539"]
[BlackElo "2338"]
[WhiteFideId "708003"]
[BlackFideId "654213"]
[EventDate "2014.10.18"]

1. e4 c5 2. Nf3 e6 3. d4 cxd4 4. Nxd4 Nc6 5. Nc3 Qc7 6. Be2 a6 7. O-O Nf6 8. Kh1
b5 9. Nxc6 dxc6 10. a3 e5 11. Qd3 Bb7 12. f4 Bd6 13. Qg3 Kf8 14. Be3 c5 15. Rad1
Re8 16. f5 b4 17. Nd5 Nxe4 18. Nxc7 Nxg3+ 19. hxg3 Bxc7 20. Bxc5+ Kg8 21. Rd7
Rc8 22. Bc4 1-0

[Event "18th Oscaro.com Open 2014"]
[Site "Bastia FRA"]
[Date "2014.10.18"]
[Round "6.8"]
[White "Pesotskyi, Vitalii"]
[Black "Dourerassou, Jonathan"]
[Result "0-1"]
[WhiteTitle "IM"]
[BlackTitle "IM"]
[WhiteElo "2262"]
[BlackElo "2473"]
[WhiteFideId "14101157"]
[BlackFideId "628050"]
[EventDate "2014.10.18"]

1. e4 c5 2. Nf3 Nc6 3. d4 cxd4 4. Nxd4 Qc7 5. Nc3 e6 6. Be2 a6 7. O-O Nf6 8. a4
Nxd4 9. Qxd4 Bc5 10. Qd3 b6 11. Be3 Bb7 12. Bf3 Bd6 13. h3 h5 14. Rfd1 Bh2+ 15.
Kf1 Be5 16. Bd4 Rc8 17. Qe3 Bxd4 18. Qxd4 e5 19. Qd2 Rh6 20. Kg1 Qc5 21. Ra3 Bc6
22. Rb3 Rg6 23. Qe2 Ra8 24. Bxh5 Rh6 25. Bg4 Ke7 26. Bf3 Rh4 27. Qd2 Kf8 28. Qg5
Rh6 29. Qd2 Ne8 30. Ra3 Nd6 31. Qe2 0-1

[Event "18th Oscaro.com Open 2014"]
[Site "Bastia FRA"]
[Date "2014.10.19"]
[Round "7.1"]
[White "Fedorchuk, Sergey A."]
[Black "Ruck, Robert"]
[Result "1/2-1/2"]
[WhiteTitle "GM"]
[BlackTitle "GM"]
[WhiteElo "2673"]
[BlackElo "2568"]
[WhiteFideId "14102536"]
[BlackFideId "705713"]
[EventDate "2014.10.18"]

1. e4 c6 2. Nc3 d5 3. Nf3 Bg4 4. h3 Bxf3 5. Qxf3 e6 6. Be2 Nf6 7. O-O dxe4 8.
Nxe4 Nxe4 9. Qxe4 Nd7 10. d4 Nf6 11. Qd3 Be7 12. Bf3 O-O 13. Rd1 Qb6 14. Qb3
Qxb3 15. axb3 Rfd8 16. Bg5 Rd7 17. Bxf6 Bxf6 18. c3 a6 19. b4 Re8 20. Kf1 Kf8
21. Re1 e5 22. dxe5 Rxe5 23. Rad1 Rxe1+ 24. Kxe1 Rxd1+ 25. Kxd1 Ke7 26. Ke2 Kd6
27. Kd3 Bh4 28. Ke2 Bg5 29. Kd3 Bh4 30. Ke2 Bg5 31. Kd3 Bh4 32. Ke2 Ke5 1/2-1/2

[Event "18th Oscaro.com Open 2014"]
[Site "Bastia FRA"]
[Date "2014.10.19"]
[Round "7.2"]
[White "Tregubov, Pavel V."]
[Black "Swiercz, Dariusz"]
[Result "1/2-1/2"]
[WhiteTitle "GM"]
[BlackTitle "GM"]
[WhiteElo "2607"]
[BlackElo "2614"]
[WhiteFideId "4115341"]
[BlackFideId "1126881"]
[EventDate "2014.10.18"]

1. d4 Nf6 2. c4 g6 3. Nc3 d5 4. Nf3 Bg7 5. e3 O-O 6. cxd5 Nxd5 7. Bc4 Nxc3 8.
bxc3 c5 9. O-O Qc7 10. Qe2 b6 11. Bb2 Nc6 12. Rfd1 Bb7 13. e4 Rad8 14. Rac1 e6
15. Qe3 Na5 16. Bd3 Rfe8 17. h4 Qe7 18. Qf4 e5 19. dxe5 Bxe5 20. Nxe5 Qxe5 21.
Qxe5 Rxe5 22. f3 Re6 23. Be2 Red6 24. Kf2 Bc8 25. Rxd6 Rxd6 26. Rd1 Rxd1 27.
Bxd1 Be6 28. a3 Bb3 29. Be2 Bc4 30. Bd1 Bb3 31. Be2 Bc4 32. Bd1 Bb3 33. Be2 Bc4
34. Bd1 Bb3 1/2-1/2

[Event "18th Oscaro.com Open 2014"]
[Site "Bastia FRA"]
[Date "2014.10.19"]
[Round "7.3"]
[White "Balogh, Csaba"]
[Black "Dimitrov, Radoslav"]
[Result "0-1"]
[WhiteTitle "GM"]
[BlackTitle "IM"]
[WhiteElo "2660"]
[BlackElo "2445"]
[WhiteFideId "718939"]
[BlackFideId "2908549"]
[EventDate "2014.10.18"]

1. e4 c6 2. d4 d5 3. e5 Bf5 4. h4 h6 5. g4 Bd7 6. h5 c5 7. c3 e6 8. f4 Qb6 9.
Nf3 Bb5 10. Bxb5+ Qxb5 11. a4 Qc6 12. dxc5 Qxc5 13. Na3 a6 14. Nc2 Qc7 15. Ncd4
Nc6 16. Be3 Nxd4 17. Bxd4 Ne7 18. a5 Nc6 19. Bb6 Qb8 20. O-O Be7 21. Qe2 Bd8 22.
Bxd8 Qxd8 23. b4 O-O 24. g5 Ne7 25. gxh6 gxh6 26. Nd4 Kh8 27. Kh1 Nc6 28. Qf2
Nxd4 29. cxd4 Qe7 30. Rg1 Rg8 31. Rac1 Rxg1+ 32. Rxg1 Rg8 33. Rxg8+ Kxg8 34. Qe1
Qc7 35. Kg2 Qc2+ 36. Qf2 Qe4+ 37. Kg3 Kf8 38. Qd2 Kg7 39. Kh3 Qf3+ 40. Kh4 f5
41. exf6+ Kxf6 42. Qc1 Kf5 43. Qc2+ Qe4 44. Qc8 Qxf4+ 45. Kh3 Qg4+ 46. Kh2 Qxh5+
47. Kg3 Qg4+ 48. Kh2 Qf4+ 49. Kg2 Qd2+ 50. Kf3 Qd3+ 51. Kg2 Qb5 52. Qc2+ Kf6 53.
Qd2 Ke7 54. Qxh6 Qxb4 55. Qg7+ Kd8 56. Kf3 Qe7 57. Qh8+ Kc7 58. Kf4 Kc6 59. Qh3
Qf6+ 60. Ke3 Qf5 61. Qh8 Qe4+ 62. Kd2 Kb5 63. Kc3 Qe3+ 64. Kc2 Kxa5 65. Kb2 Kb4
66. Qf8+ Kc4 67. Qc5+ Kd3 68. Qc3+ Ke4 69. Qc2+ Kxd4 70. Qc7 Qe2+ 71. Kb1 Qb5+
72. Ka1 e5 73. Qh7 Qa4+ 74. Kb2 Qb4+ 75. Ka2 Qc4+ 76. Kb2 e4 77. Qg7+ Kd3 78.
Qg3+ e3 79. Qg6+ Kd2 80. Qg5 d4 81. Qf4 Qc3+ 82. Ka2 Qa5+ 83. Kb2 Qb5+ 84. Ka2
Qd5+ 85. Kb2 Kd3 86. Qg3 a5 87. Qh3 a4 88. Qh7+ Kd2 89. Qh6 Qb3+ 90. Ka1 Qa3+
91. Kb1 Qd3+ 92. Ka2 Qc4+ 93. Kb2 d3 94. Qg5 Qd4+ 95. Ka2 Kd1 96. Qg1+ Kd2 97.
Qg5 b5 98. Qxb5 e2 99. Qg5+ Kc2 100. Qc5+ Qxc5 0-1

[Event "18th Oscaro.com Open 2014"]
[Site "Bastia FRA"]
[Date "2014.10.19"]
[Round "7.4"]
[White "Kovalenko, Igor"]
[Black "Djuric, Stefan"]
[Result "1-0"]
[WhiteTitle "GM"]
[BlackTitle "GM"]
[WhiteElo "2650"]
[BlackElo "2397"]
[WhiteFideId "14117908"]
[BlackFideId "900133"]
[EventDate "2014.10.18"]

1. d4 Nf6 2. c4 g6 3. g3 Bg7 4. Bg2 c5 5. Nf3 Qa5+ 6. Nc3 Ne4 7. Bd2 Nxd2 8.
Qxd2 cxd4 9. Nxd4 Nc6 10. e3 O-O 11. O-O Nxd4 12. exd4 d6 13. Rfd1 Rb8 14. Qe3
Bg4 15. Rd2 Rfe8 16. h3 Be6 17. b3 a6 18. Rc1 Qa3 19. Re1 Bd7 20. Red1 Bc6 21.
Qd3 e6 22. d5 Bxc3 23. Qxc3 exd5 24. Bxd5 Bxd5 25. Rxd5 Qxa2 26. h4 h5 27. Rxd6
Qe2 28. Rd7 Re6 29. R1d2 Qe4 30. Kh2 Rbe8 31. R7d4 Qe1 32. Qf3 Kg7 33. Rd1 Qe5
34. Rf4 R8e7 35. Kg2 Rf6 36. Rxf6 Qxf6 37. Qxf6+ Kxf6 38. Kf3 Re6 39. Kf4 Ke7
40. f3 Rb6 41. Rd3 Kf6 42. g4 hxg4 43. fxg4 a5 44. Ke4 Ke6 45. Rh3 Kf6 46. Kd5
Kg7 47. Kc5 Ra6 48. Kb5 f5 49. g5 Kf7 50. Rd3 Ke7 51. Rh3 Kf7 52. c5 Ke6 53.
Re3+ Kd5 54. Re7 Ra7 55. Rg7 Ra6 56. Rxb7 Re6 57. Rd7+ Ke4 58. c6 Re8 59. c7 Rc8
60. Kxa5 f4 61. Kb6 f3 62. Rf7 f2 63. Rxf2 1-0

[Event "18th Oscaro.com Open 2014"]
[Site "Bastia FRA"]
[Date "2014.10.19"]
[Round "7.5"]
[White "Kravtsiv, Martyn"]
[Black "Podvin, Francois-xavier"]
[Result "1/2-1/2"]
[WhiteTitle "GM"]
[WhiteElo "2563"]
[BlackElo "2179"]
[WhiteFideId "14113147"]
[BlackFideId "677540"]
[EventDate "2014.10.18"]

1. b3 c5 2. Bb2 Nc6 3. Nf3 d6 4. c4 e5 5. Nc3 g6 6. e3 Bg7 7. d3 Nge7 8. Be2 O-O
9. O-O a6 10. a4 h6 11. Rb1 Be6 12. Ba3 f5 13. Ne1 Qd7 14. Nc2 Rf7 15. Qd2 g5
16. b4 cxb4 17. Nxb4 Nxb4 18. Bxb4 Rc8 19. Rfd1 g4 20. Ba3 f4 21. Ne4 f3 22. Bf1
Nf5 23. g3 Qxa4 24. Bxd6 Qd7 25. Ba3 Bf8 26. Bxf8 Rfxf8 27. Qb2 b5 28. Qxe5 Qf7
29. cxb5 Bb3 30. Re1 axb5 31. Qxb5 Bd5 32. Nf6+ Qxf6 33. Qxd5+ Kg7 34. Rb7+ Kg6
35. d4 Rc3 36. Qe4 Rcc8 37. Qxg4+ 1/2-1/2

[Event "18th Oscaro.com Open 2014"]
[Site "Bastia FRA"]
[Date "2014.10.19"]
[Round "7.6"]
[White "Dragojlovic, Andjelko"]
[Black "Horvath, Adam1"]
[Result "0-1"]
[WhiteTitle "IM"]
[BlackTitle "GM"]
[WhiteElo "2290"]
[BlackElo "2539"]
[WhiteFideId "918474"]
[BlackFideId "708003"]
[EventDate "2014.10.18"]

1. e4 c5 2. Nf3 e6 3. b3 b6 4. Bb2 Bb7 5. Nc3 Nc6 6. d4 cxd4 7. Nxd4 Qc7 8. a3
a6 9. Nxc6 Bxc6 10. Bd3 Nf6 11. O-O Bd6 12. h3 O-O 13. Qe2 Be5 14. Nd1 b5 15. f4
Bxb2 16. Nxb2 e5 17. c4 exf4 18. e5 Rfe8 19. Rae1 d6 20. Rxf4 Rxe5 21. Qf2 Rxe1+
22. Qxe1 Re8 23. Qf2 Qe7 24. cxb5 axb5 25. Nd1 Qe5 26. Qd4 Qg5 27. Rf2 h5 28.
Qxd6 Re1+ 29. Bf1 Bd5 30. Nc3 Rxf1+ 31. Kxf1 Qc1+ 32. Ke2 Qc2+ 33. Kf1 Qxc3 34.
Kg1 Qd4 35. Qb8+ Kh7 36. Qf4 Ne4 37. Qf3 Qxf2+ 0-1